LEADER 00992nam0 2200289 450 001 000034164 005 20130130140618.0 010 $a978-88-13-31461-3 100 $a20130115d2012----km-y0itaa50------ba 101 0 $aita 102 $aIT 200 1 $aDisegni e modelli$fPhilipp Fabbio 210 $a[Assago] (MI)$cCedam$d2012 215 $aXIV, 194 p.$d24 cm. 606 1 $aProprietà industriale$xLegislazione 606 2 $aDesign$xTutela giuridica 676 $a346.0484$v(22. ed.)$9Tutela dei disegni e modelli industriali 700 1$aFabbio,$bPhilipp$0300069 801 0$aIT$bUniversità della Basilicata - B.I.A.$gRICA$2unimarc 912 $a000034164 996 $aDisegni e modelli$996435 997 $aUNIBAS BAS $aINGEGNERIA CAT $aTTM$b30$c20130115$lBAS01$h1608 CAT $aTTM$b30$c20130130$lBAS01$h1406 FMT Z30 -1$lBAS01$LBAS01$mBOOK$1BASA2$APolo Tecnico-Scientifico$2DID$BDidattica$3PTS.s2.p21.8$6111742$5T111742$820130130$eXL$f98$FConsultazione LEADER 00963nam0-2200325 --450 001 9910743200203321 005 20230925121248.0 010 $a978-88-575-8435-5 020 $aIT$b2022-4905 100 $a20230925d2022----kmuy0itay5050 ba 101 1 $aita$crus 102 $aIT 105 $ay 001yy 200 1 $a<>cultura e l'esplosione$fJurij Lotman$gintroduzione e postfazione di Jorge Lozano 210 $aMilano ; Udine$cMimesis$d2022 215 $aIX, 222 p.$d21 cm 225 1 $aMimesis. Insegne$v32 454 0$12001$aKul'tura I Vzryv$939443 610 0 $aSemiotica 610 0 $aLetteratura$aAnalisi strutturale 676 $a808.00141$v23$zita 700 1$aLotman,$bJurij Mihajlovi?$0127297 702 1$aLozano,$bJorge 801 0$aIT$bUNINA$gREICAT$2UNIMARC 901 $aBK 912 $a9910743200203321 952 $aCOLLEZ. 2632 (32)$b321/2023$fFSPBC 959 $aFSPBC 996 $aKultura i vzryv$939443 997 $aUNINA LEADER 01903nas 2200409 n 450 001 990008897320403321 005 20240229084312.0 011 $a0390-0010 035 $a000889732 035 $aFED01000889732 035 $a(Aleph)000889732FED01 035 $a000889732 091 $2CNR$aP 00091036 100 $a20161109b19702004km-y0itaa50------ba 101 0 $aita 102 $aIT 110 $aauu-------- 200 1 $aAnnali dell'Istituto Sperimentale per la Selvicoltura 207 1$a1970-2004 210 $aArezzo$cIstituto sperimentale per la selvicoltura 326 $aAnnuale 430 0$12001$aPubblicazioni dell'Istituto Sperimentale per la Selvicoltura 440 0$1001000889912$12001$aAnnali. CRA - Centro di ricerca per la selvicoltura 517 0 $aAnnali C.R.A. 530 0 $aAnnali dell'Istituto Sperimentale per la Selvicoltura 675 $a634 712 02$aConsiglio per la ricerca e la sperimentazione in agricoltura$bIstituto sperimentale per la selvicoltura, Arezzo 801 0$aIT$bACNP$c20090723 859 4 $uhttp://acnp.cib.unibo.it/cgi-ser/start/it/cnr/dc-p1.tcl?catno=60584&person=false&language=ITALIANO&libr=&libr_th=unina1$zBiblioteche che possiedono il periodico 901 $aSE 912 $a990008897320403321 958 $aBiblioteca Centralizzata. Facoltà di Agraria dell'Università Federico II di Napoli$b1970-2004.$fFAGBC 959 $aFAGBC 996 $aAnnali dell'Istituto Sperimentale per la Selvicoltura$9801274 997 $aUNINA AP1 8 $6866-01$aNA087 Biblioteca Centralizzata. Facoltà di Agraria dell'Università Federico II di Napoli$ev. Università, 100 Palazzo Reale, 80055 Portici (NA)$m081-2539322$m081-7760229$nit AP2 40$aacnp.cib.unibo.it$nACNP Italian Union Catalogue of Serials$uhttp://acnp.cib.unibo.it/cgi-ser/start/it/cnr/df-p.tcl?catno=60584&language=ITALIANO&libr=&person=&B=1&libr_th=unina&proposto=NO